Southville International School and Colleges
Your cart is empty.
  • Cart
  • Lists
    Public lists Eva Luna New books Lux_list list_1
    Your lists Log in to create your own lists
  • Log in to your account
  • Your cookies
  • Search history
Southville International School and Colleges
  • Advanced search
  • Recent comments
  • Most popular
  • Libraries

Log in to your account

Log in with GOOGLE


If you do not have an external account, but do have a local account, you can still log in:

  1. Home
  2. MARC view: A midsummer night's dream /
Normal view MARC view ISBD view

A midsummer night's dream / (Record no. 12205)

[ view plain ]
MARC details
000 -LEADER
fixed length control field 00628nam a22002297a 4500
003 - CONTROL NUMBER IDENTIFIER
control field OSt
005 - DATE AND TIME OF LATEST TRANSACTION
control field 20240802144236.0
008 - FIXED-LENGTH DATA ELEMENTS--GENERAL INFORMATION
fixed length control field 130927t xxu||||| |||| 00| 0 eng d
020 ## - INTERNATIONAL STANDARD BOOK NUMBER
International Standard Book Number 9780817216801
050 ## - LIBRARY OF CONGRESS CALL NUMBER
Classification number PR 2827.A2
Item number .Sh527 1991
082 ## - DEWEY DECIMAL CLASSIFICATION NUMBER
Classification number PR 2827.A2
Item number .SH5271991
100 ## - MAIN ENTRY--PERSONAL NAME
Personal name Shakepeare, William
9 (RLIN) 22056
245 ## - TITLE STATEMENT
Title A midsummer night's dream /
Statement of responsibility, etc William Shakepeare
260 ## - PUBLICATION, DISTRIBUTION, ETC. (IMPRINT)
Place of publication, distribution, etc Austin, Texas :
Name of publisher, distributor, etc Raintree Steck-Vaughn Publishers,
Date of publication, distribution, etc c1991.
300 ## - PHYSICAL DESCRIPTION
Extent 48 p. :
Other physical details ill. ;
Dimensions 24cm.
562 ## - COPY AND VERSION IDENTIFICATION NOTE
Number of copies 3
650 ## - SUBJECT ADDED ENTRY--TOPICAL TERM
Topical term or geographic name as entry element Literature
9 (RLIN) 2409
942 ## - ADDED ENTRY ELEMENTS (KOHA)
Source of classification or shelving scheme Library of Congress Classification
Koha item type Books
Holdings
Withdrawn status Lost status Source of classification or shelving scheme Damaged status Home library Current library Shelving location Date acquired Total Checkouts Total Renewals Full call number Barcode Date last seen Date checked out Copy number Price effective from Koha item type Source of acquisition
    Library of Congress Classification   Luxembourg Library Luxembourg Library Grade School Section 09/27/2013 4 11 PR 2827.A2 .Sh527 1991 7661 08/03/2021 02/18/2021 1 09/27/2013 Books  
    Library of Congress Classification   Luxembourg Library Luxembourg Library Grade School Section 08/02/2024     PR 2827.A2 .Sh527 1991 0225 08/02/2024   2 08/02/2024 Books Donation

A midsummer night's dream /

APA

Shakepeare W., . (1991). A midsummer night's dream. Austin, Texas: Raintree Steck-Vaughn Publishers.

Chicago

Shakepeare William, . 1991. A midsummer night's dream. Austin, Texas: Raintree Steck-Vaughn Publishers.

Harvard

Shakepeare W., . (1991). A midsummer night's dream. Austin, Texas: Raintree Steck-Vaughn Publishers.

MLA

Shakepeare William, . A midsummer night's dream. Austin, Texas: Raintree Steck-Vaughn Publishers. 1991.

  • Place hold
  • Print
  • Cite
  • Add to your cart (remove)
  • Save record
    BIBTEX Dublin Core MARCXML MARC (non-Unicode/MARC-8) MARC (Unicode/UTF-8) MARC (Unicode/UTF-8, Standard) MODS (XML) RIS
  • More searches
    Search for this title in:
    Other Libraries (WorldCat) Other Databases (Google Scholar) Online Stores (Bookfinder.com) Open Library (openlibrary.org)

Exporting to Dublin Core...

SOUTHVILLE LIBRARY

Southville International School and Colleges Library

1281 Tropical Ave. Cor. Luxembourg St., BF Homes International, Las Pinas City

Tel. No. 8256374 / 252358 Loc. 117/146

Powered by Koha